[Event "HUN-chT2 Erkel 0203"]
[Site "Hungary"]
[Date "2003.04.06"]
[Round "10"]
[White "Trajber, Csaba"]
[Black "Bencsik, Gyula"]
[Result "1/2-1/2"]
[WhiteElo "2006"]
[BlackElo "1924"]
[PlyCount "74"]
[EventDate "2002.09.22"]
[EventType "team"]
[EventRounds "11"]
[EventCountry "HUN"]
[SourceTitle "EXT 2009"]
[Source "ChessBase"]
[SourceDate "2008.11.26"]
[SourceVersion "1"]
[SourceVersionDate "2008.11.26"]
[SourceQuality "1"]

1. e4 c5 2. Nf3 g6 3. d4 cxd4 4. Nxd4 Bg7 5. Be3 Nc6 6. c4 Nf6 7. Nc3 0-0 8. Be2 d6 9. 0-0 Bd7 10. Kh1 Re8 11. Nc2 Qc8 12. Bf4 Bg4 13. f3 Bd7 14. Qd2 Nh5 15. Bg5 Ne5 16. Ne3 h6 17. Bh4 Nf4 18. Ned5 Nxd5 19. cxd5 g5 20. Bg3 Ng6 21. Rac1 Qd8 22. Nd1 Rc8 23. Nc3 a6 24. f4 gxf4 25. Bxf4 Nxf4 26. Qxf4 Rf8 27. Rf3 e5 28. dxe6 Bxe6 29. Rd1 Qg5 30. Qxd6 Rfd8 31. Qb6 Rxd1+ 32. Bxd1 Qd2 33. Rf1 Bc4 34. Qf2 Rd8 35. Nd5 Qxf2 36. Rxf2 Bxd5 37. exd5 Rxd5 1/2-1/2